000 01066nam a2200301 4500
001 191785
003 SpMaBN
005 20240209063127.0
008 221011s2007 sp | ||| ||spa
016 7 _abimoBNE20070483881 [
_2SpMaBN]
017 _aAS 132-2007
_bOficina Depósito Legal Asturias
020 _a978-84-9704-289-5
035 _a(OCoLC)434281584
040 _aSpMaBN
_bspa
_cSpMaBN
_erdc
080 _a(038)=134.2'271
080 _a(038)=134.2'35
100 1 _aMartínez de Sousa, José,
_d1933-
_978033
245 1 0 _aDiccionario de uso de las mayúsculas y minúsculas /
_cJosé Martínez de Sousa.
250 _a1ª ed.
260 _aGijón :
_bTrea,
_c2007.
300 _a250 p. ;
_c22 cm.
504 _aBibliografía: p. [221]-222. Índice.
650 0 7 _aLengua española-
_xUso-
_vDiccionarios.
_914193
650 7 _aLengua española-
_xOrtografía-
_vDiccionarios.
_9139587
852 _aES-MaACL
_jA-15074
_9199067
_b142337
_cDEPO1
_dOlim: (038) 134.2 MAR dic
_hDonación: Editorial
942 _2udc
999 _c191785
_d191785